[Event "23th Capablanca Memorial"]
[Site "Havana CUB"]
[Date "1988.??.??"]
[Round "1"]
[White "Diaz Diaz, Joaquin"]
[Black "Nogueiras Santiago, Jesus"]
[Result "1/2-1/2"]
[WhiteElo "2485"]
[BlackElo "2560"]
[EventDate "1988.05.22"]
[PlyCount "30"]

1.e4 e6 2.d4 d5 3.Nc3 Bb4 4.e5 c5 5.a3 Bxc3+ 6.bxc3 Ne7 7.h4 Nbc6 8.h5 h6 
9.Nf3 Qa5 10.Bd2 cxd4 11.cxd4 Qa4 12.Rh4 b6 13.Qb1 Ba6 14.Qb3 Qxb3 15.cxb3
Bxf1 1/2-1/2

[Event "23th Capablanca Memorial"]
[Site "Havana CUB"]
[Date "1988.??.??"]
[Round "1"]
[White "Azmaiparashvili, Zurab"]
[Black "Zapata Ramirez, Alonso"]
[Result "1/2-1/2"]
[WhiteElo "2540"]
[BlackElo "2500"]
[EventDate "1988.05.22"]
[PlyCount "100"]

1.g3 g6 2.Bg2 Bg7 3.d4 c5 4.c3 d6 5.dxc5 dxc5 6.Qxd8+ Kxd8 7.e4 Nc6 8.Ne2 
b6 9.O-O Ba6 10.Rd1+ Kc7 11.Nf4 e6 12.a4 Nf6 13.Na3 Rad8 14.Re1 Bb7 15.
Nb5+ Kb8 16.Nd5 Ne5 17.Bf4 Nh5 18.Bxe5+ Bxe5 19.Ne3 a6 20.Nc4 Bc7 21.Nxc7 
Kxc7 22.e5 Bxg2 23.Kxg2 Rd3 24.a5 b5 25.Nd6 f5 26.Rad1 Rxd1 27.Rxd1 Rd8 
28.b4 Kc6 29.Kf3 Ng7 30.Ke3 Rd7 31.bxc5 Rd8 32.Rd2 Rf8 33.f4 Nh5 34.Kd4 h6
35.Rb2 Rb8 36.Rb4 Ng7 37.Nf7 Rf8 38.Nd6 Ne8 39.Nc8 Rf7 40.Kd3 Nc7 41.Rd4 
Nd5 42.c4 Nb4+ 43.Kd2 Kxc5 44.Rd6 Rc7 45.Nb6 bxc4 46.Rxe6 Kb5 47.Kc3 Na2+ 
48.Kc2 Nb4+ 49.Kc3 Na2+ 50.Kc2 Nb4+ 1/2-1/2

[Event "23th Capablanca Memorial"]
[Site "Havana CUB"]
[Date "1988.??.??"]
[Round "1"]
[White "Vogt, Lothar"]
[Black "Granda Zuniga, Julio"]
[Result "1/2-1/2"]
[WhiteElo "2460"]
[BlackElo "2540"]
[EventDate "1988.05.22"]
[PlyCount "51"]

1.e4 e5 2.Nf3 Nc6 3.Bb5 a6 4.Ba4 Nf6 5.O-O Be7 6.Re1 b5 7.Bb3 d6 8.c3 O-O 
9.h3 Bb7 10.d4 Re8 11.Nbd2 Bf8 12.a3 h6 13.Bc2 Nb8 14.b3 Nbd7 15.Bb2 g6 
16.a4 Bg7 17.d5 c6 18.c4 Qb8 19.Ba3 Rc8 20.Bd3 bxa4 21.bxa4 cxd5 22.cxd5 
Nc5 23.Bf1 a5 24.Bb5 Qa7 25.Rc1 Bf8 26.Qe2 1/2-1/2

[Event "23th Capablanca Memorial"]
[Site "Havana CUB"]
[Date "1988.??.??"]
[Round "1"]
[White "Rodriguez Cespedes, Amador"]
[Black "Dorfman, Iosif"]
[Result "1/2-1/2"]
[WhiteElo "2540"]
[BlackElo "2520"]
[EventDate "1988.05.22"]
[PlyCount "43"]

1.e4 e5 2.Nf3 Nc6 3.Bb5 a6 4.Ba4 Nf6 5.O-O Be7 6.Re1 b5 7.Bb3 d6 8.c3 O-O 
9.h3 Nb8 10.d4 Nbd7 11.Nbd2 Bb7 12.Bc2 Re8 13.Nf1 Bf8 14.Ng3 g6 15.a4 c5 
16.d5 c4 17.Bg5 h6 18.Be3 Nc5 19.Qd2 h5 20.Bg5 Be7 21.Bh6 Nfd7 22.Ra3 
1/2-1/2

[Event "23th Capablanca Memorial"]
[Site "Havana CUB"]
[Date "1988.??.??"]
[Round "1"]
[White "Garcia Gonzales, Guillermo"]
[Black "Rivas Pastor, Manuel"]
[Result "1/2-1/2"]
[WhiteElo "2485"]
[BlackElo "2505"]
[EventDate "1988.05.22"]
[PlyCount "26"]

1.d4 Nf6 2.Nf3 e6 3.c4 Bb4+ 4.Bd2 Qe7 5.g3 O-O 6.Bg2 Bxd2+ 7.Qxd2 d5 8.O-O
Rd8 9.Na3 b6 10.Rac1 Bb7 11.Ne5 Na6 12.cxd5 exd5 13.Nb5 c5 1/2-1/2

[Event "23th Capablanca Memorial"]
[Site "Havana CUB"]
[Date "1988.??.??"]
[Round "1"]
[White "Popchev, Milko"]
[Black "Milos, Gilberto"]
[Result "1/2-1/2"]
[WhiteElo "2470"]
[BlackElo "2510"]
[EventDate "1988.05.22"]
[PlyCount "76"]

1.Nf3 c5 2.g3 Nc6 3.c4 g6 4.Bg2 Bg7 5.Nc3 d6 6.O-O e5 7.a3 Nge7 8.Rb1 Bf5 
9.d3 Qd7 10.Ng5 O-O 11.b4 Rae8 12.b5 Nd8 13.e4 Bg4 14.f3 Be6 15.h4 f5 16.
Bh3 Kh8 17.Rb2 Bg8 18.h5 gxh5 19.Rh2 Ne6 20.exf5 Nxg5 21.Bxg5 Nxf5 22.Ne4 
d5 23.cxd5 Qxd5 24.Bxf5 Rxf5 25.Rxh5 Re6 26.g4 Rf8 27.Qc2 Rg6 28.Kg2 c4 
29.Qxc4 Qxc4 30.dxc4 Bxc4 31.Rb1 Bd3 32.Re1 Rc8 33.Re3 Bc2 34.Rc3 Rxc3 35.
Nxc3 e4 36.Nxe4 Ba4 37.Be3 Bc2 38.Bxa7 Bxe4 1/2-1/2

[Event "23th Capablanca Memorial"]
[Site "Havana CUB"]
[Date "1988.??.??"]
[Round "2"]
[White "Vogt, Lothar"]
[Black "Garcia Gonzales, Guillermo"]
[Result "1/2-1/2"]
[WhiteElo "2460"]
[BlackElo "2485"]
[EventDate "1988.05.22"]
[PlyCount "97"]

1.e4 c6 2.d4 d5 3.Nd2 dxe4 4.Nxe4 Nd7 5.Nf3 Ngf6 6.Ng3 g6 7.Bc4 Bg7 8.O-O 
O-O 9.Re1 Nb6 10.Bb3 a5 11.a4 Nbd5 12.Bg5 h6 13.Bd2 Bg4 14.h3 Bxf3 15.Qxf3
e6 16.Rad1 b5 17.c3 Qb6 18.Bc1 Rac8 19.Bc2 c5 20.dxc5 Qxc5 21.axb5 Qxb5 
22.Ne4 Nxe4 23.Qxe4 Rfd8 24.Qh4 g5 25.Qe4 Nf6 26.Qf3 Rd5 27.Rxd5 Qxd5 28.
Qe2 Qc4 29.Qxc4 Rxc4 30.Bd2 Nd5 31.Ra1 Rc5 32.Bd3 Be5 33.g3 Kg7 34.Kf1 Bc7
35.b4 axb4 36.cxb4 Rc6 37.Be4 Kf6 38.Bxd5 exd5 39.Ke2 Ke5 40.Kd3 Rc4 41.
Bc3+ Kf5 42.Ra7 h5 43.b5 f6 44.Ra6 Be5 45.Bd2 Rd4+ 46.Ke2 Re4+ 47.Kd3 Rd4+
48.Ke2 Re4+ 49.Kd3 1/2-1/2

[Event "23th Capablanca Memorial"]
[Site "Havana CUB"]
[Date "1988.??.??"]
[Round "2"]
[White "Rodriguez Cespedes, Amador"]
[Black "Zapata Ramirez, Alonso"]
[Result "1/2-1/2"]
[WhiteElo "2540"]
[BlackElo "2500"]
[EventDate "1988.05.22"]
[PlyCount "33"]

1.e4 c5 2.Nf3 e6 3.d4 cxd4 4.Nxd4 a6 5.Bd3 Nf6 6.O-O Qc7 7.Qe2 d6 8.c4 Be7
9.Nc3 b6 10.f4 Bb7 11.Kh1 Nbd7 12.Bd2 O-O 13.Rae1 Rfd8 14.b4 Bf8 15.Nf3 g6
16.Rc1 Rac8 17.Rfd1 1/2-1/2

[Event "23th Capablanca Memorial"]
[Site "Havana CUB"]
[Date "1988.??.??"]
[Round "2"]
[White "Popchev, Milko"]
[Black "Rivas Pastor, Manuel"]
[Result "1/2-1/2"]
[WhiteElo "2470"]
[BlackElo "2505"]
[EventDate "1988.05.22"]
[PlyCount "37"]

1.Nf3 Nf6 2.g3 d5 3.Bg2 c6 4.O-O Bg4 5.b3 Nbd7 6.Bb2 e6 7.c4 Be7 8.d3 O-O 
9.Nbd2 h6 10.Rc1 Re8 11.cxd5 exd5 12.Re1 Qb6 13.Qc2 a5 14.a3 a4 15.b4 c5 
16.bxc5 Bxc5 17.e3 Rac8 18.Qb1 Qa5 19.Bf1 1/2-1/2

[Event "23th Capablanca Memorial"]
[Site "Havana CUB"]
[Date "1988.??.??"]
[Round "3"]
[White "Popchev, Milko"]
[Black "Garcia Gonzales, Guillermo"]
[Result "1-0"]
[WhiteElo "2470"]
[BlackElo "2485"]
[EventDate "1988.05.22"]
[PlyCount "71"]

1.e4 e5 2.Nc3 Nf6 3.g3 d5 4.exd5 Nxd5 5.Bg2 Nxc3 6.bxc3 Be7 7.Ne2 O-O 8.
O-O Nc6 9.Rb1 Qd6 10.d3 Rb8 11.c4 Bg4 12.h3 Bh5 13.g4 Bg6 14.Ng3 Nd4 15.
Re1 b6 16.Be3 Rbd8 17.Bd5 c6 18.Bxd4 exd4 19.Bxc6 Bh4 20.Qf3 Bxg3 21.fxg3 
Qa3 22.h4 h6 23.Qf2 Rd6 24.Bd5 Rf6 25.Qxd4 Qxa2 26.Qc3 Qa6 27.h5 Bh7 28.
Rf1 Rxf1+ 29.Rxf1 Qc8 30.Qe5 Qd8 31.Re1 Kh8 32.Qe7 Qb8 33.Kg2 f6 34.Bc6 
Bg8 35.Be8 Qa8+ 36.Kf2 1-0

[Event "23th Capablanca Memorial"]
[Site "Havana CUB"]
[Date "1988.??.??"]
[Round "3"]
[White "Dorfman, Iosif"]
[Black "Milos, Gilberto"]
[Result "1/2-1/2"]
[WhiteElo "2520"]
[BlackElo "2510"]
[EventDate "1988.05.22"]
[PlyCount "123"]

1.c4 Nf6 2.Nc3 g6 3.g3 Bg7 4.Bg2 O-O 5.d4 c6 6.Nf3 d6 7.O-O Qa5 8.Qc2 e5 
9.Rd1 Re8 10.Bd2 Qa6 11.Qb3 Nbd7 12.e3 Qb6 13.Be1 Qxb3 14.axb3 a6 15.b4 
Rb8 16.b5 axb5 17.cxb5 Nb6 18.dxe5 dxe5 19.Nd2 Nfd5 20.Nde4 Bg4 21.Rdc1 
Re7 22.bxc6 bxc6 23.h3 Be6 24.Nd1 Bd7 25.Nc5 Be8 26.e4 Nf6 27.Bb4 Ra8 28.
Rxa8 Nxa8 29.Nd3 Rb7 30.Bd6 Rd7 31.Rxc6 Rd8 32.Ra6 Bb5 33.Ra3 Ne8 34.Bxe5 
Bxe5 35.Nxe5 Rxd1+ 36.Kh2 Nac7 37.Rf3 f6 38.Ng4 Kg7 39.e5 f5 40.Ne3 Rd2 
41.g4 fxg4 42.hxg4 Rxb2 43.Kg3 Ne6 44.Nd5 Bc4 45.Rc3 Rb3 46.Rxb3 Bxb3 47.
f4 Nd4 48.Ne3 Nc7 49.f5 g5 50.Kf2 Na6 51.Bd5 Bxd5 52.Nxd5 Nc5 53.Ke3 Nc6 
54.e6 Kf8 55.Nf6 Kg7 56.Nh5+ Kf8 57.Nf6 h6 58.Nd5 Ke8 59.Nf6+ Kf8 60.Nd5 
Ke8 61.Nf6+ Kf8 62.Nd5 1/2-1/2

[Event "23th Capablanca Memorial"]
[Site "Havana CUB"]
[Date "1988.??.??"]
[Round "3"]
[White "Diaz Diaz, Joaquin"]
[Black "Rivas Pastor, Manuel"]
[Result "0-1"]
[WhiteElo "2485"]
[BlackElo "2505"]
[EventDate "1988.05.22"]
[PlyCount "84"]

1.e4 e5 2.Nf3 Nc6 3.Bc4 Bc5 4.d3 d6 5.c3 Nf6 6.b4 Bb6 7.a4 a6 8.a5 Ba7 9.
Qb3 Qe7 10.O-O O-O 11.Kh1 h6 12.Ra2 Be6 13.Re2 Bxc4 14.Qxc4 Qe6 15.Qxe6 
fxe6 16.Nbd2 Nd7 17.Nc4 Kf7 18.Be3 Bxe3 19.Rxe3 Ke7 20.Ra1 Na7 21.Kg1 Nb5 
22.Rc1 Rac8 23.d4 exd4 24.cxd4 g5 25.Rd3 Rf4 26.Re1 Rcf8 27.Re2 Kd8 28.
Nfd2 Nb8 29.g3 R4f7 30.d5 exd5 31.exd5 Nd7 32.Kg2 Rf5 33.Ne3 Re5 34.Ndc4 
Re4 35.f3 Re7 36.Red2 h5 37.Nd1 Rfe8 38.Kf2 Nf6 39.Re3 g4 40.Rxe7 Rxe7 41.
Rd3 gxf3 42.Nd2 Ng4+ 0-1

[Event "23th Capablanca Memorial"]
[Site "Havana CUB"]
[Date "1988.??.??"]
[Round "3"]
[White "Nogueiras Santiago, Jesus"]
[Black "Zapata Ramirez, Alonso"]
[Result "1-0"]
[WhiteElo "2560"]
[BlackElo "2500"]
[EventDate "1988.05.22"]
[PlyCount "103"]

1.d4 Nf6 2.c4 d6 3.Nc3 Nbd7 4.Nf3 c6 5.e4 e5 6.Be2 g6 7.d5 a5 8.O-O Nc5 9.
Qc2 cxd5 10.cxd5 Bd7 11.Be3 Rc8 12.Nd2 Be7 13.a4 O-O 14.Qd1 Ne8 15.Nc4 f5 
16.exf5 Bxf5 17.Ra3 Rf7 18.Nb5 Bd7 19.Qd2 b6 20.Rd1 Ra8 21.Nc3 Ng7 22.Bxc5
bxc5 23.Ne4 Bf5 24.Ng3 Bg5 25.Qc3 Rb7 26.Bd3 Rb4 27.Bxf5 gxf5 28.Rb3 e4 
29.Rxb4 axb4 30.Qc2 h5 31.b3 h4 32.Nf1 Bf6 33.Qd2 Bg5 34.Qe2 Qf6 35.g3 Qg6
36.Kh1 Ra7 37.f4 Bd8 38.Qf2 Nh5 39.gxh4 Qh6 40.Nfe3 Rf7 41.Rg1+ Kf8 42.Qg2
Rg7 43.Qh3 Rxg1+ 44.Kxg1 Qg6+ 45.Kf1 Ng7 46.h5 Qh6 47.Ke2 Qxh5+ 48.Qxh5 
Nxh5 49.a5 Nxf4+ 50.Kd2 Bxa5 51.Nxa5 Kf7 52.Nac4 1-0

[Event "23th Capablanca Memorial"]
[Site "Havana CUB"]
[Date "1988.??.??"]
[Round "3"]
[White "Azmaiparashvili, Zurab"]
[Black "Vogt, Lothar"]
[Result "1-0"]
[WhiteElo "2540"]
[BlackElo "2460"]
[EventDate "1988.05.22"]
[PlyCount "63"]

1.c4 g6 2.e4 Bg7 3.d4 d6 4.Be3 Nf6 5.f3 O-O 6.Ne2 e5 7.d5 c6 8.Qd2 cxd5 9.
cxd5 Nbd7 10.Na3 Ne8 11.Nc3 a6 12.Be2 f5 13.O-O f4 14.Bf2 g5 15.Rfc1 h5 
16.b4 b5 17.Nc2 Nb6 18.a4 Nc4 19.Bxc4 bxc4 20.Na3 g4 21.Nxc4 Qg5 22.Kf1 h4
23.Nb6 Rb8 24.Nxc8 Rxc8 25.h3 gxf3 26.gxf3 Nf6 27.b5 Qh5 28.Qd3 Nh7 29.Ne2
Ng5 30.Ng1 axb5 31.axb5 Qf7 32.Rc6 1-0

[Event "23th Capablanca Memorial"]
[Site "Havana CUB"]
[Date "1988.??.??"]
[Round "4"]
[White "Vogt, Lothar"]
[Black "Popchev, Milko"]
[Result "1/2-1/2"]
[WhiteElo "2460"]
[BlackElo "2470"]
[EventDate "1988.05.22"]
[PlyCount "94"]

1.e4 d6 2.d4 Nf6 3.Nc3 g6 4.Nf3 Bg7 5.h3 O-O 6.Be3 c6 7.a4 a5 8.Be2 Na6 9.
O-O d5 10.exd5 cxd5 11.Nb5 Nc7 12.c3 Nxb5 13.Bxb5 Ne4 14.Bf4 Nd6 15.Bd3 e6
16.Qb3 b6 17.Nd2 Re8 18.Rfe1 Bf8 19.Rad1 Bb7 20.Nf3 f6 21.Nh2 Bg7 22.Ng4 
Nf7 23.Bg3 Bc6 24.c4 f5 25.Ne5 Nxe5 26.Bxe5 Bf8 27.cxd5 Bxd5 28.Bc4 Bb4 
29.Rf1 Qd7 30.Bxd5 exd5 31.h4 h5 32.Rd3 Kh7 33.Rg3 Rac8 34.Qe3 Re6 35.Qb3 
Be7 36.Rh3 Rc4 37.Ra1 Bd6 38.Bxd6 Qxd6 39.Re3 Rxd4 40.Rxe6 Qxe6 41.Qg3 Re4
42.Qc7+ Qe7 43.Qxb6 Re1+ 44.Rxe1 Qxe1+ 45.Kh2 Qe5+ 46.g3 d4 47.Qb5 Qxb5 
1/2-1/2

[Event "23th Capablanca Memorial"]
[Site "Havana CUB"]
[Date "1988.??.??"]
[Round "4"]
[White "Milos, Gilberto"]
[Black "Zapata Ramirez, Alonso"]
[Result "1-0"]
[WhiteElo "2510"]
[BlackElo "2500"]
[EventDate "1988.05.22"]
[PlyCount "71"]

1.d4 Nf6 2.c4 c5 3.d5 d6 4.Nc3 g6 5.e4 Bg7 6.Bd3 O-O 7.Nge2 e5 8.h3 Ne8 9.
g4 Qh4 10.Ng3 Na6 11.Qe2 Bh6 12.Bxh6 Qxh6 13.Nd1 Bd7 14.Ne3 Rb8 15.h4 f6 
16.h5 Qf4 17.Qf1 Nac7 18.O-O-O b5 19.hxg6 hxg6 20.Ne2 Qg5 21.f4 exf4 22.
Nxf4 bxc4 23.Nxc4 Bb5 24.Rd2 Bxc4 25.Bxc4 Ng7 26.Kb1 Rb4 27.Rdh2 Kf7 28.
Ne6 Ncxe6 29.dxe6+ Ke7 30.Bd5 Rb6 31.Qc4 f5 32.Qa4 Kf6 33.Qxa7 Rb4 34.gxf5
Qg3 35.a3 Rbb8 36.Rh6 1-0

[Event "23th Capablanca Memorial"]
[Site "Havana CUB"]
[Date "1988.??.??"]
[Round "4"]
[White "Diaz Diaz, Joaquin"]
[Black "Garcia Gonzales, Guillermo"]
[Result "0-1"]
[WhiteElo "2485"]
[BlackElo "2485"]
[EventDate "1988.05.22"]
[PlyCount "76"]

1.e4 c6 2.d4 d5 3.Nc3 dxe4 4.Nxe4 Nd7 5.Bc4 Ngf6 6.Ng5 e6 7.Qe2 Nb6 8.Bd3 
h6 9.N5f3 c5 10.dxc5 Bxc5 11.Ne5 Nbd7 12.Ngf3 Nxe5 13.Nxe5 Qd5 14.Bb5+ Ke7
15.O-O Qe4 16.Qxe4 Nxe4 17.Bd3 Nf6 18.Bd2 b6 19.b4 Bd6 20.f4 Bb7 21.Rae1 
Rhd8 22.f5 Bxe5 23.Rxe5 Nd7 24.Re2 e5 25.f6+ gxf6 26.Bxh6 Rac8 27.Rd2 Nf8 
28.Bg7 Rd6 29.Rdf2 Nd7 30.Bf5 Rg8 31.Bh6 Nf8 32.b5 Ne6 33.Bxe6 fxe6 34.Bc1
Rd4 35.Bb2 Rf4 36.Rd2 Rxf1+ 37.Kxf1 Bd5 38.a4 Rg4 0-1

[Event "23th Capablanca Memorial"]
[Site "Havana CUB"]
[Date "1988.??.??"]
[Round "5"]
[White "Diaz Diaz, Joaquin"]
[Black "Popchev, Milko"]
[Result "0-1"]
[WhiteElo "2485"]
[BlackElo "2470"]
[EventDate "1988.05.22"]
[PlyCount "158"]

1.e4 d6 2.d4 Nf6 3.Nc3 g6 4.f4 Bg7 5.Nf3 O-O 6.Bd3 e6 7.O-O Nc6 8.a3 Ne7 
9.Kh1 b6 10.e5 Ne8 11.Ne4 Bb7 12.c3 Rc8 13.Qe2 c5 14.Bd2 c4 15.Bc2 Nd5 16.
Ba4 Ne7 17.Be1 b5 18.Bh4 Qd7 19.Bc2 Nd5 20.Nfg5 f5 21.exf6 Ndxf6 22.Nxf6+ 
Bxf6 23.Nxe6 Bxh4 24.Nxf8 Kxf8 25.f5 Kg7 26.Qg4 g5 27.f6+ Nxf6 28.Qxd7+ 
Nxd7 29.Bf5 Rc7 30.Kg1 g4 31.Bxg4 Nb6 32.g3 Bf6 33.Rae1 Bd5 34.Be6 Re7 35.
Bxd5 Rxe1 36.Rxe1 Nxd5 37.Re6 Be7 38.Kf2 Kf7 39.Re2 a5 40.Ke1 b4 41.axb4 
axb4 42.Rf2+ Kg6 43.Kd2 Bg5+ 44.Kc2 Ne3+ 45.Kb1 b3 46.Rf8 Kg7 47.Re8 h5 
48.Re6 Nf5 49.d5 Kf7 50.Re4 Ne3 51.Re6 Nf1 52.Rxd6 Nxh2 53.Rd7+ Kg6 54.
Rd6+ Bf6 55.Rc6 Nf1 56.d6 Kf7 57.d7 Bd8 58.Kc1 Nxg3 59.Kd1 h4 60.Ke1 Ke7 
61.Rxc4 Kxd7 62.Kf2 Be7 63.Kf3 Nf5 64.Kf4 Ng7 65.Kg4 Ne6 66.Ra4 Nc5 67.Rb4
Kc6 68.Rd4 Bf6 69.Rf4 Be5 70.Rb4 Bg3 71.Rd4 Bf2 72.Rd8 Be3 73.Rd1 Kb5 74.
Kf3 Bg5 75.Kg4 Be7 76.Re1 Bf6 77.Rf1 Be5 78.Kxh4 Nd3 79.Rf5 Kc4 0-1

[Event "23th Capablanca Memorial"]
[Site "Havana CUB"]
[Date "1988.??.??"]
[Round "5"]
[White "Rodriguez Cespedes, Amador"]
[Black "Vogt, Lothar"]
[Result "1-0"]
[WhiteElo "2540"]
[BlackElo "2460"]
[EventDate "1988.05.22"]
[PlyCount "121"]

1.d4 Nf6 2.c4 g6 3.Nc3 Bg7 4.e4 d6 5.Bd3 O-O 6.Nge2 e5 7.d5 Nbd7 8.O-O Ne8
9.Be3 c5 10.Qd2 f5 11.exf5 gxf5 12.f4 e4 13.Bc2 Ndf6 14.h3 h5 15.Rab1 b6 
16.Ba4 Bd7 17.Bxd7 Qxd7 18.b4 Nc7 19.Rfc1 Kh7 20.Qe1 Qf7 21.Nd1 Rg8 22.Bd2
Nd7 23.a4 Qg6 24.Qf1 cxb4 25.Bxb4 Nc5 26.a5 Nd3 27.Rc2 Nxb4 28.Rxb4 bxa5 
29.Ra4 Na6 30.Rxa5 Nc5 31.Ne3 a6 32.Kh2 h4 33.Kh1 Rab8 34.Ra3 Bf6 35.Rd2 
Rb6 36.Nd4 Bxd4 37.Rxd4 Rb2 38.Qe1 Qg3 39.Qd1 Qg6 40.Rd2 Rb4 41.Qe1 Qh5 
42.Rd1 Rb2 43.Rd2 Rb7 44.Rd1 Rg3 45.Qf1 Rb2 46.Re1 Qf7 47.Rb1 Qb7 48.Rba1 
Kg6 49.Qd1 Rb3 50.Nxf5 Rxa3 51.Rxa3 Rxa3 52.Qg4+ Kh7 53.Qxh4+ Kg8 54.Qd8+ 
Kh7 55.Qh4+ Kg8 56.Qg5+ Kh8 57.Qf6+ Kh7 58.Ne7 Rxh3+ 59.gxh3 Qb1+ 60.Kg2 
Qc2+ 61.Kg3 1-0

[Event "23th Capablanca Memorial"]
[Site "Havana CUB"]
[Date "1988.??.??"]
[Round "5"]
[White "Dorfman, Iosif"]
[Black "Garcia Gonzales, Guillermo"]
[Result "1-0"]
[WhiteElo "2520"]
[BlackElo "2485"]
[EventDate "1988.05.22"]
[PlyCount "39"]

1.c4 Nf6 2.Nc3 c5 3.Nf3 b6 4.e4 Bb7 5.e5 Ng4 6.h3 Nh6 7.d4 cxd4 8.Nxd4 g6 
9.Nd5 Bg7 10.Bg5 Ng8 11.Nb5 Bxe5 12.f4 h6 13.Bh4 a6 14.fxe5 axb5 15.cxb5 
d6 16.Bc4 dxe5 17.O-O Rh7 18.Rc1 Kf8 19.Nxe7 Qxd1 20.Rcxd1 1-0

[Event "23th Capablanca Memorial"]
[Site "Havana CUB"]
[Date "1988.??.??"]
[Round "6"]
[White "Milos, Gilberto"]
[Black "Azmaiparashvili, Zurab"]
[Result "0-1"]
[WhiteElo "2510"]
[BlackElo "2540"]
[EventDate "1988.05.22"]
[PlyCount "88"]

1.d4 d6 2.c4 e5 3.Nf3 exd4 4.Nxd4 g6 5.g3 Bg7 6.Bg2 Ne7 7.Nc3 O-O 8.Bg5 h6
9.Be3 a6 10.Rc1 c5 11.Nb3 Nf5 12.Bf4 Nc6 13.O-O Be6 14.e4 Nfd4 15.Nxd4 
Nxd4 16.Ne2 b5 17.Nxd4 cxd4 18.cxb5 axb5 19.a3 Qb6 20.h4 b4 21.Qd3 bxa3 
22.bxa3 Qa6 23.Rfd1 Rfd8 24.Qxa6 Rxa6 25.Rd3 Rda8 26.Bf1 h5 27.Bd2 Rxa3 
28.Rxa3 Rxa3 29.Bb4 Ra2 30.Bxd6 d3 31.Rd1 d2 32.Bb4 Bh6 33.f4 Bf8 34.Bxf8 
Bb3 35.Rxd2 Rxd2 36.Bc5 Be6 37.e5 Rc2 38.Bb4 Kg7 39.Be7 Bd5 40.Bh3 Rc3 41.
Kh2 Rc1 42.g4 Rc2+ 43.Kg3 Rc3+ 44.Kh2 Be6 0-1

[Event "23th Capablanca Memorial"]
[Site "Havana CUB"]
[Date "1988.??.??"]
[Round "6"]
[White "Nogueiras Santiago, Jesus"]
[Black "Rodriguez Cespedes, Amador"]
[Result "1/2-1/2"]
[WhiteElo "2560"]
[BlackElo "2540"]
[EventDate "1988.05.22"]
[PlyCount "26"]

1.e4 c6 2.b3 d5 3.exd5 cxd5 4.Bb2 Nc6 5.Nf3 Nf6 6.Be2 Bf5 7.O-O e6 8.Nc3 
h6 9.d3 Be7 10.Re1 O-O 11.Bf1 Rc8 12.Ne2 Bh7 13.Ned4 Nxd4 1/2-1/2

[Event "23th Capablanca Memorial"]
[Site "Havana CUB"]
[Date "1988.??.??"]
[Round "7"]
[White "Nogueiras Santiago, Jesus"]
[Black "Vogt, Lothar"]
[Result "1/2-1/2"]
[WhiteElo "2560"]
[BlackElo "2460"]
[EventDate "1988.05.22"]
[PlyCount "44"]

1.d4 Nf6 2.c4 g6 3.g3 c6 4.Bg2 d5 5.cxd5 cxd5 6.Nc3 Bg7 7.Nf3 O-O 8.Ne5 e6
9.O-O Nfd7 10.Nf3 Nc6 11.Bf4 Nf6 12.Rc1 Qa5 13.Qd2 Bd7 14.Ne5 Nxe5 15.Bxe5
Bc6 16.Rc2 Rfd8 17.Rfc1 Nd7 18.Bxg7 Kxg7 19.Qf4 Nf6 20.a3 Qb6 21.e3 Be8 
22.Bf1 a6 1/2-1/2

[Event "23th Capablanca Memorial"]
[Site "Havana CUB"]
[Date "1988.??.??"]
[Round "7"]
[White "Milos, Gilberto"]
[Black "Rodriguez Cespedes, Amador"]
[Result "1/2-1/2"]
[WhiteElo "2510"]
[BlackElo "2540"]
[EventDate "1988.05.22"]
[PlyCount "46"]

1.d4 Nf6 2.c4 e6 3.Nc3 Bb4 4.e3 c5 5.Bd3 Nc6 6.Ne2 cxd4 7.exd4 d5 8.cxd5 
Nxd5 9.O-O O-O 10.Bc2 Be7 11.Qd3 g6 12.Qf3 Bf6 13.Rd1 Nce7 14.Bh6 Re8 15.
Ng3 Bg7 16.Bxg7 Kxg7 17.h4 Bd7 18.h5 Bc6 19.Nge4 Nf5 20.Nxd5 Bxd5 21.Qf4 
Qb8 22.Qg5 Qd8 23.Qf4 Qb8 1/2-1/2

[Event "23th Capablanca Memorial"]
[Site "Havana CUB"]
[Date "1988.??.??"]
[Round "7"]
[White "Zapata Ramirez, Alonso"]
[Black "Popchev, Milko"]
[Result "1/2-1/2"]
[WhiteElo "2500"]
[BlackElo "2470"]
[EventDate "1988.05.22"]
[PlyCount "116"]

1.e4 c5 2.Nf3 Nc6 3.d4 cxd4 4.Nxd4 d5 5.Bb5 dxe4 6.Nxc6 Qxd1+ 7.Kxd1 a6 8.
Ba4 Bd7 9.Nc3 Bxc6 10.Bxc6+ bxc6 11.Nxe4 Nf6 12.Re1 O-O-O+ 13.Bd2 Nxe4 14.
Rxe4 e6 15.Ke2 Be7 16.Ra4 Kb7 17.Ba5 Rd7 18.c4 Bc5 19.Rc1 Rb8 20.Rc2 f6 
21.f3 e5 22.h3 g5 23.Bb4 Bd4 24.Rd2 Kc7 25.Ba3 Ra8 26.Rd3 f5 27.Ra5 h5 28.
b3 g4 29.hxg4 hxg4 30.f4 exf4 31.Rxf5 Re8+ 32.Kf1 Re3 33.Rxe3 Bxe3 34.Bb4 
Rh7 35.Bc5 Rh1+ 36.Ke2 Bxc5 37.Rxc5 Rg1 38.Kf2 Ra1 39.Ra5 Kb6 40.b4 c5 41.
Rxc5 Rxa2+ 42.Kf1 Rc2 43.Rc8 g3 44.c5+ Kb5 45.Rb8+ Kc4 46.Rb6 Kc3 47.Rb8 
Kd4 48.Rf8 Rf2+ 49.Kg1 Ke5 50.Re8+ Kd5 51.Rf8 Rb2 52.Rxf4 Rb1+ 53.Rf1 Rxb4
54.Rc1 Kc6 55.Kf1 Rb3 56.Ke2 a5 57.Ra1 Kb5 58.Rc1 Kc6 1/2-1/2

[Event "23th Capablanca Memorial"]
[Site "Havana CUB"]
[Date "1988.??.??"]
[Round "8"]
[White "Vogt, Lothar"]
[Black "Dorfman, Iosif"]
[Result "1/2-1/2"]
[WhiteElo "2460"]
[BlackElo "2520"]
[EventDate "1988.05.22"]
[PlyCount "119"]

1.e4 e5 2.Nf3 Nc6 3.Bb5 a6 4.Ba4 Nf6 5.O-O Be7 6.Re1 b5 7.Bb3 d6 8.c3 O-O 
9.h3 Nb8 10.d4 Nbd7 11.Nbd2 Bb7 12.Bc2 Re8 13.b4 Bf8 14.a4 Nb6 15.a5 Nbd7 
16.Bb2 c6 17.Rb1 Qc7 18.Bb3 Rad8 19.c4 exd4 20.cxb5 cxb5 21.Bxd4 Rc8 22.
Ng5 d5 23.exd5 Rxe1+ 24.Qxe1 Bxd5 25.Nxh7 Kxh7 26.Bxd5 Nxd5 27.Qe4+ Kg8 
28.Qxd5 Qc6 29.Qxc6 Rxc6 30.Kf1 f6 31.f4 Kf7 32.Ke2 Be7 33.Kd3 Nf8 34.f5 
Nd7 35.g4 Rc8 36.Bc3 Rh8 37.Rh1 Nb8 38.Kc2 Nc6 39.Kb3 Rd8 40.Re1 Rd3 41.
Kc2 Rxh3 42.Re6 Nxb4+ 43.Bxb4 Bxb4 44.Nb3 Rh2+ 45.Kd3 Rb2 46.Nd4 Rd2+ 47.
Ke3 Rd1 48.Rc6 g5 49.Ke4 Re1+ 50.Kd3 Bxa5 51.Rxa6 Rd1+ 52.Ke4 Bc3 53.Nxb5 
Be5 54.Ra7+ Kf8 55.Ra4 Ke7 56.Nd4 Bxd4 57.Rxd4 Rxd4+ 58.Kxd4 Kd6 59.Ke4 
Kc5 60.Ke3 1/2-1/2

[Event "23th Capablanca Memorial"]
[Site "Havana CUB"]
[Date "1988.??.??"]
[Round "8"]
[White "Zapata Ramirez, Alonso"]
[Black "Diaz Diaz, Joaquin"]
[Result "0-1"]
[WhiteElo "2500"]
[BlackElo "2485"]
[EventDate "1988.05.22"]
[PlyCount "166"]

1.e4 c5 2.Nf3 d6 3.d4 cxd4 4.Nxd4 Nf6 5.Nc3 g6 6.Be3 Bg7 7.f3 O-O 8.Qd2 
Nc6 9.O-O-O d5 10.exd5 Nxd5 11.Nxc6 bxc6 12.Bd4 e5 13.Bc5 Be6 14.Bc4 Qh4 
15.Bxd5 cxd5 16.Bxf8 Rxf8 17.g3 Qc4 18.Qd3 d4 19.Qxc4 Bxc4 20.Ne4 Be2 21.
Rd3 f5 22.Nd2 Bxd3 23.cxd3 Kf7 24.Re1 Ke6 25.f4 Kd5 26.fxe5 Bxe5 27.Kd1 g5
28.Nc4 Bd6 29.Rf1 h5 30.Ke2 Bc7 31.Kf2 g4 32.Re1 f4 33.gxf4 Bxf4 34.Kg2 
Bd6 35.Nxd6 Kxd6 36.Re4 Kd5 37.Re7 Rf3 38.Rxa7 Rxd3 39.Ra5+ Ke4 40.Rxh5 
Rf3 41.Rh8 d3 42.Rd8 Ke3 43.Re8+ Kd2 44.Re4 Kc2 45.Rxg4 Re3 46.Kf2 Re2+ 
47.Kf1 Re1+ 48.Kxe1 d2+ 49.Kf2 d1=Q 50.h3 Kd3 51.Rg3+ Kd2 52.Rg2 Qh5 53.
Kg1+ Ke1 54.Kh2 Qd5 55.Kg1 Qe6 56.Rg4 Qxa2 57.b4 Qf2+ 58.Kh1 Kf1 59.b5 
Qf3+ 60.Kh2 Qe2+ 61.Kh1 Qf2 62.b6 Qxb6 63.Rf4+ Ke2 64.Kg2 Qe3 65.Ra4 Qf2+ 
66.Kh1 Qf7 67.Kg1 Qb3 68.Rg4 Qxh3 69.Rg2+ Ke3 70.Rf2 Qg4+ 71.Rg2 Qd1+ 72.
Kh2 Qh5+ 73.Kg1 Kd3 74.Rg3+ Ke2 75.Rg2+ Ke1 76.Rg3 Qh6 77.Kg2 Ke2 78.Kg1 
Qh4 79.Kg2 Qh6 80.Kg1 Qf4 81.Kg2 Qh4 82.Rh3 Qe4+ 83.Kg3 Ke3 0-1

[Event "23th Capablanca Memorial"]
[Site "Havana CUB"]
[Date "1988.??.??"]
[Round "8"]
[White "Garcia Gonzales, Guillermo"]
[Black "Azmaiparashvili, Zurab"]
[Result "1/2-1/2"]
[WhiteElo "2485"]
[BlackElo "2540"]
[EventDate "1988.05.22"]
[PlyCount "74"]

1.d4 d6 2.Bg5 g6 3.c4 h6 4.Bh4 Bg7 5.Nc3 Nf6 6.e3 Nbd7 7.Be2 O-O 8.Qc2 Re8
9.Rd1 c5 10.Nf3 a6 11.O-O Qa5 12.h3 Rb8 13.a3 cxd4 14.Nxd4 Qc7 15.Rd2 b6 
16.Rc1 Bb7 17.Nd5 Nxd5 18.cxd5 Qxc2 19.Rdxc2 g5 20.Bg3 Bxd5 21.Bxa6 Nc5 
22.Bb5 Be4 23.Bxe8 Bxc2 24.Bxf7+ Kxf7 25.Rxc2 Bxd4 26.exd4 Ne4 27.Bh2 Ra8 
28.f3 Nf6 29.Kf2 Nd5 30.Ke2 b5 31.Bg1 b4 32.axb4 Nxb4 33.Rc4 Rb8 34.Be3 
Ke6 35.Bd2 Nd5 36.b4 Ra8 37.Rc2 Ra3 1/2-1/2

[Event "23th Capablanca Memorial"]
[Site "Havana CUB"]
[Date "1988.??.??"]
[Round "9"]
[White "Garcia Gonzales, Guillermo"]
[Black "Rodriguez Cespedes, Amador"]
[Result "1/2-1/2"]
[WhiteElo "2485"]
[BlackElo "2540"]
[EventDate "1988.05.22"]
[PlyCount "22"]

1.d4 Nf6 2.c4 e6 3.Nf3 Bb4+ 4.Bd2 Bxd2+ 5.Qxd2 O-O 6.Nc3 d5 7.e3 Qe7 8.Rc1
Rd8 9.Qc2 Nbd7 10.cxd5 exd5 11.Be2 c6 1/2-1/2